000 00463nam a2200193Ia 4500
008 210210b1926 xxu||||| |||| 00| 0 eng d
041 _aeng
082 _a543/29
100 _aCAVEN (R M)
245 _aSystematic inorganic chemistry
260 _aLondon
_bBlackie & Son Ltd.
_c1926
300 _a460
650 _aSystematic
650 _ainorganic
650 _achemistry
690 _aInorganic Chemistry
700 _aLANDER (G D)
906 _a009381
999 _c126831
_d126831